| 000 | 00548nam a2200193Ia 4500 | ||
|---|---|---|---|
| 999 |
_c36183 _d36183 |
||
| 001 | 2085 | ||
| 003 | GE_BSU | ||
| 005 | 20221024115910.0 | ||
| 008 | 181216s1978||||enk|||||||||||||| ||eng|| | ||
| 040 | _cGE_BSU | ||
| 041 | _aeng | ||
| 080 | _a811.111 B-93 | ||
| 100 |
_aBulgakova, A.M. _91589 |
||
| 245 | _aHow to use passive constructions in speech practice | ||
| 264 |
_aMoscow: _bHicher school, _c1978. |
||
| 300 |
_a100 p.; _b20 cm. |
||
| 653 | _aპასიური კონსტრუქციები ენაში | ||
| 942 |
_cBK _2udc |
||